[Event "17th CAN-ch (w)"]
[Site "Ottawa CAN"]
[Date "2016.09.22"]
[Round "1"]
[White "Matras-Clement, Agnieszka"]
[Black "Pretell Diaz, Carol"]
[Result "1-0"]
[WhiteElo "2308"]
[BlackElo "2308"]
[EventDate "2016.09.22"]
[PlyCount "37"]

1.e4 c6 2.d4 d5 3.exd5 cxd5 4.c4 Bf5 5.Nc3 Nf6 6.Qb3 Nc6 7.cxd5 Nxd4 8.
Qa4+ Qd7 9.Qxd4 a6 10.Nf3 Rd8 11.Bc4 e6 12.Bg5 Be7 13.Rd1 Qc7 14.O-O O-O 
15.Bf4 Bd6 16.Bxd6 Rxd6 17.Bb3 Rfd8 18.Qe5 Ng4 19.Qg3 1-0

[Event "17th CAN-ch (w)"]
[Site "Ottawa CAN"]
[Date "2016.09.22"]
[Round "1"]
[White "Zhou, Qiyu"]
[Black "Wang, Constance"]
[Result "1-0"]
[WhiteElo "2325"]
[BlackElo "2033"]
[EventDate "2016.09.22"]
[PlyCount "49"]

1.e4 c5 2.Nf3 d6 3.d4 cxd4 4.Nxd4 Nf6 5.Nc3 a6 6.Bc4 e6 7.Bb3 Nbd7 8.Bg5 
Nc5 9.O-O Be7 10.Re1 O-O 11.f4 Nxb3 12.axb3 Qc7 13.Kh1 b6 14.Qf3 Bb7 15.
Qg3 Kh8 16.Re3 Ng8 17.f5 Bxg5 18.Qxg5 e5 19.Rg3 g6 20.fxg6 fxg6 21.Ne6 Qd7
22.Nxf8 Rxf8 23.Qe3 Rf4 24.Rf3 Rg4 25.Raf1 1-0

[Event "17th CAN-ch (w)"]
[Site "Ottawa CAN"]
[Date "2016.09.22"]
[Round "1"]
[White "Demchenko, Svitlana"]
[Black "Tan, Kylie"]
[Result "1-0"]
[WhiteElo "2011"]
[BlackElo "2011"]
[EventDate "2016.09.22"]
[PlyCount "165"]

1.Nf3 d5 2.d4 Nf6 3.Bf4 e6 4.e3 c5 5.c3 Nbd7 6.Nbd2 Be7 7.Bd3 O-O 8.Ne5 h6
9.Qf3 Ne8 10.Qg3 c4 11.Bc2 Kh8 12.Nxf7+ Rxf7 13.Qg6 Nef6 14.Qxf7 Nf8 15.
Be5 Bd7 16.Bxf6 Bxf6 17.Qh5 Qe7 18.O-O Bc6 19.e4 Qd7 20.e5 Be7 21.f4 Qd8 
22.f5 exf5 23.Qxf5 Bd7 24.Qf3 Be6 25.Bf5 Bg8 26.Rfe1 Qb6 27.Rab1 Re8 28.b3
cxb3 29.Rxb3 Qa6 30.Reb1 b6 31.Bd3 Qc8 32.a4 Bg5 33.Qe2 Qc7 34.Nf3 Bd8 35.
Qd2 Qc8 36.a5 Qe6 37.axb6 Bxb6 38.Rf1 Nd7 39.Kh1 Nf8 40.Nh4 Bh7 41.Bxh7 
Nxh7 42.Qd3 Ng5 43.Qg6 Qd7 44.Rbb1 Rg8 45.Qh5 Qc8 46.Ng6+ Kh7 47.Ne7 Qe8 
48.Qxe8 Rxe8 49.Nxd5 Re6 50.Nxb6 axb6 51.Rbe1 Rc6 52.h4 Ne6 53.d5 Rxc3 54.
dxe6 Rc6 55.e7 Re6 56.Rf7 Kg6 57.Ref1 Rxe5 58.g4 b5 59.h5+ Kh7 60.Kg2 b4 
61.Rb1 Re4 62.Rxb4 Rxb4 63.e8=Q Rxg4+ 64.Kf3 Rg3+ 65.Ke2 Rg2+ 66.Rf2 Rg4 
67.Qe3 Rg1 68.Qd3+ Kg8 69.Qc4+ Kh7 70.Qc2+ Kg8 71.Rf8+ Kxf8 72.Qc5+ Kf7 
73.Qxg1 Kf6 74.Qg6+ Ke5 75.Qxg7+ Kd5 76.Qxh6 Ke5 77.Qg5+ Kd4 78.h6 Kc4 79.
h7 Kb4 80.h8=Q Kc4 81.Qhh4+ Kc3 82.Qd2+ Kb3 83.Qhb4# 1-0

[Event "17th CAN-ch (w)"]
[Site "Ottawa CAN"]
[Date "2016.09.23"]
[Round "2"]
[White "Khoudgarian, Natalia"]
[Black "Zhou, Qiyu"]
[Result "0-1"]
[WhiteElo "2263"]
[BlackElo "2325"]
[EventDate "2016.09.22"]
[PlyCount "76"]

1.e4 c5 2.b3 e6 3.Bb2 d6 4.Nf3 Nf6 5.Bb5+ Bd7 6.Qe2 Nc6 7.O-O Be7 8.d4 
cxd4 9.Nxd4 O-O 10.Nd2 Qb6 11.N2f3 Nxd4 12.Nxd4 Bxb5 13.Nxb5 Nxe4 14.Bd4 
Qc6 15.Nxa7 Qd5 16.Nb5 Qf5 17.c4 Rad8 18.Rfd1 d5 19.f3 Nf6 20.Rac1 Rd7 21.
Qe5 Qg6 22.c5 Nh5 23.g4 f5 24.h3 fxg4 25.fxg4 Nf4 26.Kh2 Qh6 27.Rc3 Bf6 
28.Qe1 e5 29.Bf2 e4 30.Rg3 Bh4 31.Qe3 Bxg3+ 32.Qxg3 Nxh3 33.Be3 Nf4+ 34.
Kg1 Ne2+ 35.Kg2 Qa6 36.Qe5 Qxb5 37.Qe6+ Rdf7 38.Rxd5 Nc3 0-1

[Event "17th CAN-ch (w)"]
[Site "Ottawa CAN"]
[Date "2016.09.23"]
[Round "2"]
[White "Pretell Diaz, Carol"]
[Black "Demchenko, Svitlana"]
[Result "0-1"]
[WhiteElo "1700"]
[BlackElo "2011"]
[EventDate "2016.09.22"]
[PlyCount "96"]

1.c4 Nf6 2.Nc3 c5 3.g3 Nc6 4.Bg2 e6 5.Nf3 d5 6.cxd5 exd5 7.d4 cxd4 8.Nxd4 
Be6 9.O-O Be7 10.Bf4 O-O 11.e4 Bg4 12.Nxc6 bxc6 13.Qd2 Bb4 14.exd5 cxd5 
15.Qd4 Bxc3 16.bxc3 Be6 17.Bg5 Rc8 18.Bxf6 Qxf6 19.Qxf6 gxf6 20.Rfd1 Rfd8 
21.Rd3 Kf8 22.Rad1 Rc5 23.Rd4 Rxc3 24.Bxd5 Ra3 25.Bxe6 Rxd4 26.Rxd4 fxe6 
27.Rd2 Ke7 28.Kf1 e5 29.Re2 Kd6 30.f4 exf4 31.gxf4 Rf3+ 32.Rf2 Rxf2+ 33.
Kxf2 f5 34.Ke3 Kc5 35.h4 h5 36.Kd3 Kd5 37.a3 a6 38.a4 a5 39.Kd2 Kd4 40.Kc2
Ke4 41.Kc3 Kxf4 42.Kc4 Kg4 43.Kb5 f4 44.Kxa5 f3 45.Kb6 f2 46.a5 f1=Q 47.a6
Qf8 48.a7 Qa8 0-1

[Event "17th CAN-ch (w)"]
[Site "Ottawa CAN"]
[Date "2016.09.23"]
[Round "2"]
[White "Wang, Constance"]
[Black "Matras-Clement, Agnieszka"]
[Result "1/2-1/2"]
[WhiteElo "2033"]
[BlackElo "2308"]
[EventDate "2016.09.22"]
[PlyCount "103"]

1.e4 e5 2.Nf3 Nc6 3.Bb5 a6 4.Ba4 Nf6 5.O-O b5 6.Bb3 Be7 7.Re1 d6 8.c3 O-O 
9.h3 Bb7 10.d4 Re8 11.Ng5 Rf8 12.Nf3 Nd7 13.Nbd2 Na5 14.Bc2 c5 15.Nf1 cxd4
16.cxd4 Bf6 17.Ne3 g6 18.Ng4 Bg7 19.Bh6 Rc8 20.Bxg7 Kxg7 21.Qd2 f6 22.Rad1
Kh8 23.dxe5 Nxe5 24.Ngxe5 dxe5 25.Qh6 Qe7 26.Re2 Rfd8 27.Red2 Nc4 28.Nh4 
Kg8 29.Nxg6 Qe8 30.Rxd8 Rxd8 31.Rxd8 Qxd8 32.Nh4 Nxb2 33.Nf5 Qf8 34.Bb3+ 
Nc4 35.Qh4 Bc8 36.Ng3 Qd8 37.Nh5 Kf7 38.Qg3 Qf8 39.Bd1 Qh6 40.Qd3 Qd2 41.
Qf3 Qg5 42.Ng3 Be6 43.Nf5 Nd2 44.Nd6+ Kg6 45.Qd3 Nc4 46.Nxc4 Bxc4 47.Qc2 
h5 48.Bf3 Kh6 49.Kh2 Qf4+ 50.Kg1 Qg5 51.Kh2 Qf4+ 52.Kg1 1/2-1/2

[Event "17th CAN-ch (w)"]
[Site "Ottawa CAN"]
[Date "2016.09.23"]
[Round "3"]
[White "Demchenko, Svitlana"]
[Black "Wang, Constance"]
[Result "1/2-1/2"]
[WhiteElo "2011"]
[BlackElo "2033"]
[EventDate "2016.09.22"]
[PlyCount "71"]

1.Nf3 Nf6 2.c4 e6 3.Nc3 d5 4.d4 Be7 5.Bf4 O-O 6.e3 b6 7.Bd3 Bb7 8.O-O Nbd7
9.Qe2 Ne4 10.Ne5 Nxc3 11.bxc3 Nf6 12.Bg5 dxc4 13.Bxc4 Ne4 14.Bxe7 Qxe7 15.
Qc2 c5 16.Bd3 Nf6 17.f4 cxd4 18.cxd4 Rac8 19.Qf2 Be4 20.Ba6 Rc2 21.Be2 
Rfc8 22.Qe1 Qa3 23.Bf3 Qb2 24.Qg3 Rd2 25.Rad1 Qxa2 26.Ra1 Qb3 27.Bxe4 Nxe4
28.Qf3 Qd5 29.Rxa7 Rcc2 30.Rfa1 h6 31.Rd7 Nd6 32.Qxd5 exd5 33.Rxd6 Rxg2+ 
34.Kh1 Rxh2+ 35.Kg1 Rhg2+ 36.Kh1 1/2-1/2

[Event "17th CAN-ch (w)"]
[Site "Ottawa CAN"]
[Date "2016.09.23"]
[Round "3"]
[White "Matras-Clement, Agnieszka"]
[Black "Khoudgarian, Natalia"]
[Result "1-0"]
[WhiteElo "2308"]
[BlackElo "2263"]
[EventDate "2016.09.22"]
[PlyCount "83"]

1.e4 e6 2.d4 d5 3.exd5 exd5 4.c4 Nf6 5.Nc3 Be7 6.Nf3 O-O 7.Bd3 dxc4 8.Bxc4
Bg4 9.Be3 Nbd7 10.O-O Nb6 11.Bb3 c6 12.h3 Bh5 13.g4 Bg6 14.Ne5 Nfd5 15.Qf3
Bf6 16.Rad1 Re8 17.Bf4 Nxf4 18.Qxf4 Bxe5 19.dxe5 Qh4 20.Kg2 Rad8 21.Rfe1 
Rxd1 22.Rxd1 Qe7 23.Ne4 Nd5 24.Bxd5 cxd5 25.Rxd5 Qe6 26.Nc3 h5 27.Kg3 hxg4
28.hxg4 Qb6 29.Qd2 Qb4 30.f4 f5 31.Rd7 Qc5 32.Qd5+ Qxd5 33.Nxd5 fxg4 34.
Kxg4 Be4 35.Kg5 Kf8 36.Nc7 Bc6 37.Nxe8 Bxd7 38.Nd6 b6 39.f5 Bc6 40.Kg6 Bd5
41.a3 a5 42.f6 1-0

[Event "17th CAN-ch (w)"]
[Site "Ottawa CAN"]
[Date "2016.09.23"]
[Round "3"]
[White "Tan, Kylie"]
[Black "Pretell Diaz, Carol"]
[Result "1/2-1/2"]
[WhiteElo "1671"]
[BlackElo "1700"]
[EventDate "2016.09.22"]
[PlyCount "136"]

1.e4 e5 2.Nf3 Nc6 3.Bc4 d6 4.c3 Bg4 5.d3 Nf6 6.h3 Bh5 7.O-O Qd7 8.Bb3 Be7 
9.Nbd2 O-O 10.Re1 Na5 11.Bc2 b5 12.Nf1 h6 13.Ng3 Bg6 14.Nh4 Bh7 15.Nhf5 
Rad8 16.Qf3 c5 17.Rd1 Qc7 18.Bd2 Nc6 19.Be3 d5 20.exd5 Nxd5 21.Qg4 Bg5 22.
Bxg5 Bxf5 23.Nxf5 hxg5 24.Qxg5 g6 25.Bb3 Nf4 26.Nh6+ Kg7 27.Ng4 Qe7 28.
Qh6+ Kg8 29.g3 Ne6 30.Bxe6 Qxe6 31.Qh4 Rd6 32.Qg5 f5 33.Nh2 Kg7 34.h4 Qf6 
35.Qe3 Rd5 36.Nf3 Rfd8 37.Ng5 e4 38.Rd2 Rxd3 39.Rxd3 Rxd3 40.Qxc5 a6 41.
Qb6 Ne5 42.Qb7+ Rd7 43.Qc8 Qc6 44.Qxc6 Nxc6 45.Ne6+ Kf6 46.Nc5 Rd2 47.Rb1 
Ne5 48.Nb3 Rc2 49.Nc5 Nd3 50.Nxa6 Rxf2 51.Nc7 Rd2 52.Nd5+ Kg7 53.Nf4 Nxb2 
54.a3 e3 55.Re1 Nc4 56.Re2 Kh6 57.Kg2 g5 58.hxg5+ Kxg5 59.Kf3 Ne5+ 60.Kxe3
Rxe2+ 61.Nxe2 Nc4+ 62.Kf3 Nxa3 63.Nd4 Kf6 64.Kf4 Kg6 65.Ke5 Kg5 66.Nxf5 
Nb1 67.Nd4 Nxc3 68.Nxb5 Nxb5 1/2-1/2

[Event "17th CAN-ch (w)"]
[Site "Ottawa CAN"]
[Date "2016.09.24"]
[Round "4"]
[White "Khoudgarian, Natalia"]
[Black "Demchenko, Svitlana"]
[Result "1-0"]
[WhiteElo "2263"]
[BlackElo "2011"]
[EventDate "2016.09.22"]
[PlyCount "57"]

1.e4 c5 2.b3 Nc6 3.Bb2 Nf6 4.e5 Nd5 5.Nf3 e6 6.Bb5 Be7 7.O-O O-O 8.Re1 b6 
9.d4 cxd4 10.Nxd4 Bb7 11.Nd2 Qc7 12.Bxc6 dxc6 13.Qg4 Bb4 14.N4f3 Rfd8 15.
c4 Ne7 16.Ne4 Bxe1 17.Nf6+ Kh8 18.Qh5 Bxf2+ 19.Kxf2 gxf6 20.exf6 Nf5 21.
Be5 Qd7 22.Ng5 h6 23.Nxf7+ Kg8 24.Qg6+ Kf8 25.Bd6+ Qxd6 26.Nxd6 Rxd6 27.g4
Rad8 28.gxf5 R8d7 29.Qxh6+ 1-0

[Event "17th CAN-ch (w)"]
[Site "Ottawa CAN"]
[Date "2016.09.24"]
[Round "4"]
[White "Zhou, Qiyu"]
[Black "Matras-Clement, Agnieszka"]
[Result "1-0"]
[WhiteElo "2325"]
[BlackElo "2308"]
[EventDate "2016.09.22"]
[PlyCount "127"]

1.e4 e5 2.Nf3 Nc6 3.Bb5 a6 4.Ba4 Nf6 5.O-O Be7 6.Re1 b5 7.Bb3 d6 8.c3 O-O 
9.h3 Bb7 10.d4 Re8 11.Nbd2 Bf8 12.d5 Nb8 13.Nf1 Nbd7 14.N3h2 c6 15.dxc6 
Bxc6 16.Bg5 h6 17.Bxf6 Nxf6 18.Ng4 Ra7 19.Qf3 Nh7 20.Ng3 Rd7 21.Ne3 Nf6 
22.Rad1 g6 23.Rd3 Bg7 24.Red1 Qc7 25.Ng4 Nxg4 26.Qxg4 Kh7 27.h4 Rdd8 28.
R1d2 Bb7 29.h5 Bc8 30.Qd1 Bf8 31.Rf3 Be6 32.hxg6+ fxg6 33.Rf6 Bxb3 34.axb3
Kg7 35.Rf3 Be7 36.Rd5 Rf8 37.Rxf8 Rxf8 38.Qg4 Bg5 39.Nf1 Qb6 40.Qe2 b4 41.
c4 a5 42.Ne3 Bxe3 43.Qxe3 Qxe3 44.fxe3 Ra8 45.Rxd6 a4 46.bxa4 Rxa4 47.Rd3 
Ra1+ 48.Kf2 Rc1 49.b3 Kf6 50.Rd6+ Kg5 51.Rb6 Rc3 52.Rxb4 Kg4 53.Ke2 Rc2+ 
54.Kd3 Rxg2 55.c5 Rf2 56.c6 Rf8 57.c7 Rc8 58.Rc4 h5 59.b4 h4 60.b5 h3 61.
b6 h2 62.Rc1 Kg3 63.Rh1 Kg2 64.Rxh2+ 1-0

[Event "17th CAN-ch (w)"]
[Site "Ottawa CAN"]
[Date "2016.09.24"]
[Round "4"]
[White "Wang, Constance"]
[Black "Tan, Kylie"]
[Result "1-0"]
[WhiteElo "2033"]
[BlackElo "1671"]
[EventDate "2016.09.22"]
[PlyCount "141"]

1.e4 d5 2.exd5 Qxd5 3.Nc3 Qa5 4.d4 Nf6 5.Nf3 Bg4 6.h3 Bh5 7.g4 Bg6 8.Ne5 
Nbd7 9.Nc4 Qa6 10.Bf4 b5 11.Nxb5 Qb7 12.Nxc7+ Kd8 13.f3 Rc8 14.Qd2 Rxc7 
15.Bxc7+ Qxc7 16.O-O-O e6 17.Ne5 Bd6 18.Bd3 Ke7 19.f4 Bxd3 20.Qxd3 Nd5 21.
Kb1 Nxf4 22.Qe3 Nd5 23.Qg5+ Kf8 24.Nxd7+ Qxd7 25.Rhf1 f6 26.Qd2 Qb5 27.Qd3
Qb8 28.c4 Nf4 29.Qc3 Kf7 30.c5 Bc7 31.Rf3 Qb7 32.c6 Qb6 33.Qc4 Rb8 34.Rb3 
Qa5 35.Rxb8 Bxb8 36.b4 Qb6 37.Rc1 Bc7 38.Rc3 h6 39.Ra3 Bb8 40.Ra5 Kg8 41.
Rb5 Qd8 42.Rb7 Nd5 43.a4 Qc8 44.Rd7 Kh8 45.a5 Bc7 46.Qc5 Qb8 47.b5 Bxa5 
48.Rxa7 Bc7 49.Rb7 Qd8 50.Qa7 Bb6 51.Rb8 Bxa7 52.Rxd8+ Kh7 53.Rxd5 exd5 
54.c7 Bxd4 55.c8=Q Be5 56.Kc2 d4 57.b6 Kg6 58.b7 Kg5 59.b8=Q Bxb8 60.Qxb8 
Kh4 61.Qh2 Kg5 62.Kd3 h5 63.gxh5 Kxh5 64.Kxd4 g5 65.Ke4 Kg6 66.Qf2 Kf7 67.
Kf5 Ke7 68.Qd4 Ke8 69.Kxf6 g4 70.Qd6 gxh3 71.Qe7# 1-0

[Event "17th CAN-ch (w)"]
[Site "Ottawa CAN"]
[Date "2016.09.24"]
[Round "5"]
[White "Pretell Diaz, Carol"]
[Black "Wang, Constance"]
[Result "0-1"]
[WhiteElo "1700"]
[BlackElo "2033"]
[EventDate "2016.09.22"]
[PlyCount "54"]

1.c4 e6 2.Nc3 d5 3.cxd5 exd5 4.d4 Nf6 5.g3 c6 6.Bg2 Be7 7.Nf3 O-O 8.O-O 
Nbd7 9.a3 a5 10.Bd2 Nb6 11.Ne5 Bf5 12.h3 Ne4 13.g4 Nxd2 14.Qxd2 Bd7 15.b3 
f5 16.Nxd7 Qxd7 17.gxf5 Qxf5 18.e4 dxe4 19.Nxe4 Nd5 20.Ng3 Qf7 21.Ne2 Bd6 
22.Qg5 Rae8 23.Bxd5 cxd5 24.Nc3 Re6 25.Qxd5 Rg6+ 26.Kh1 Qxd5+ 27.Nxd5 Rf3 
0-1

[Event "17th CAN-ch (w)"]
[Site "Ottawa CAN"]
[Date "2016.09.24"]
[Round "5"]
[White "Demchenko, Svitlana"]
[Black "Zhou, Qiyu"]
[Result "1/2-1/2"]
[WhiteElo "2011"]
[BlackElo "2325"]
[EventDate "2016.09.22"]
[PlyCount "44"]

1.Nf3 Nf6 2.c4 e6 3.Nc3 Bb4 4.g3 O-O 5.Bg2 d5 6.Qb3 a5 7.a3 Be7 8.d4 c6 9.
O-O b6 10.cxd5 exd5 11.Bg5 Be6 12.e3 h6 13.Bxf6 Bxf6 14.Rac1 Nd7 15.Ne2 
Rc8 16.Nf4 Bf5 17.Rc3 g6 18.Rfc1 Nb8 19.h3 Re8 20.g4 Bd7 21.Nd3 Be6 22.
R3c2 c5 1/2-1/2

[Event "17th CAN-ch (w)"]
[Site "Ottawa CAN"]
[Date "2016.09.24"]
[Round "5"]
[White "Tan, Kylie"]
[Black "Khoudgarian, Natalia"]
[Result "0-1"]
[WhiteElo "1671"]
[BlackElo "2263"]
[EventDate "2016.09.22"]
[PlyCount "82"]

1.e4 e6 2.f4 d5 3.e5 c5 4.Nf3 Nc6 5.Bb5 Ne7 6.Nc3 Nf5 7.Bxc6+ bxc6 8.O-O 
h5 9.d3 Ba6 10.Kh1 h4 11.Qe1 Be7 12.Qf2 Ng3+ 13.Kg1 Nxf1 14.Qxf1 Rb8 15.
Qf2 Qa5 16.Bd2 c4 17.d4 Qc7 18.Rb1 c5 19.Be3 cxd4 20.Nxd4 Rb7 21.h3 O-O 
22.Nf3 Rfb8 23.Nd1 Qa5 24.a3 c3 25.b3 Qxa3 26.Nxc3 Rc8 27.Na4 Bb5 28.Qe1 
Bxa4 29.Ra1 Qb4 30.Rxa4 Qxe1+ 31.Nxe1 Bb4 32.Nd3 a5 33.Ra2 Rbc7 34.Nxb4 
axb4 35.Ra4 Rxc2 36.Rxb4 Re2 37.Bf2 Rc1+ 38.Kh2 Rxf2 39.Rb8+ Kh7 40.Rb4 
Rff1 41.g4 Rc2# 0-1

[Event "17th CAN-ch (w)"]
[Site "Ottawa CAN"]
[Date "2016.09.25"]
[Round "6"]
[White "Zhou, Qiyu"]
[Black "Tan, Kylie"]
[Result "1-0"]
[WhiteElo "2325"]
[BlackElo "1671"]
[EventDate "2016.09.22"]
[PlyCount "49"]

1.e4 d5 2.exd5 Qxd5 3.Nc3 Qa5 4.Bc4 Nf6 5.d3 Bg4 6.f3 Bh5 7.g4 Bg6 8.Bd2 
c6 9.Qe2 Qc7 10.O-O-O e6 11.h4 h6 12.f4 Be7 13.Re1 Qd6 14.Nh3 Nd5 15.f5 
exf5 16.Bxd5 cxd5 17.Nxd5 Nc6 18.Nhf4 Kd7 19.Qf3 Bh7 20.Nxe7 Rab8 21.Nfd5 
Rbe8 22.Nxf5 Bxf5 23.Qxf5+ Kd8 24.Bf4 Qg6 25.Bc7# 1-0

[Event "17th CAN-ch (w)"]
[Site "Ottawa CAN"]
[Date "2016.09.25"]
[Round "6"]
[White "Matras-Clement, Agnieszka"]
[Black "Demchenko, Svitlana"]
[Result "1-0"]
[WhiteElo "2308"]
[BlackElo "2011"]
[EventDate "2016.09.22"]
[PlyCount "113"]

1.e4 c5 2.Nc3 Nc6 3.f4 e6 4.Nf3 d5 5.Bb5 Nf6 6.d3 Be7 7.O-O O-O 8.Bxc6 
bxc6 9.e5 Nd7 10.b3 Ba6 11.Re1 f5 12.exf6 Bxf6 13.Bd2 Re8 14.Ne5 Qc7 15.
Qh5 Nxe5 16.fxe5 g6 17.Qe2 Bg7 18.Na4 Qe7 19.Qg4 c4 20.dxc4 c5 21.Bg5 Qc7 
22.Bf6 dxc4 23.Rad1 Bxf6 24.exf6 Kf7 25.Qg5 Rad8 26.Qh6 Kg8 27.Kh1 Qf7 28.
Nxc5 Qxf6 29.Nxa6 Qf2 30.Nc7 Rxd1 31.Rxd1 Rf8 32.h3 Qe2 33.Rg1 Qe5 34.Nxe6
Qxe6 35.Qg5 Qf5 36.Qd2 Qf2 37.Qd5+ Qf7 38.Qd4 cxb3 39.axb3 Qf2 40.Qd5+ Qf7
41.Rd1 Qxd5 42.Rxd5 Rc8 43.c4 Rb8 44.Rd3 a5 45.Kg1 Kf7 46.Kf2 a4 47.bxa4 
Rb4 48.Ra3 Rxc4 49.a5 Rc7 50.a6 Ra7 51.Ke3 Ke7 52.Kd4 Kd6 53.g3 h6 54.g4 
g5 55.Ra2 Ke6 56.Kc5 Ke5 57.Kb6 1-0

[Event "17th CAN-ch (w)"]
[Site "Ottawa CAN"]
[Date "2016.09.25"]
[Round "7"]
[White "Wang, Constance"]
[Black "Khoudgarian, Natalia"]
[Result "1/2-1/2"]
[WhiteElo "2033"]
[BlackElo "2263"]
[EventDate "2016.09.22"]
[PlyCount "38"]
[SourceDate "2016.09.25"]

1.e4 e6 2.d4 d5 3.e5 c5 4.c3 Nc6 5.Nf3 Nge7 6.Bd3 cxd4 7.cxd4 Nf5 8.Bxf5 
exf5 9.Nc3 Be7 10.Qb3 Bb4 11.O-O Be6 12.a3 Bxc3 13.Qxc3 Rc8 14.Qd3 O-O 15.
b4 a6 16.b5 axb5 17.Qxb5 Na5 18.Bd2 b6 19.Bxa5 bxa5 1/2-1/2

[Event "17th CAN-ch (w)"]
[Site "Ottawa CAN"]
[Date "2016.09.25"]
[Round "7"]
[White "Tan, Kylie"]
[Black "Matras-Clement, Agnieszka"]
[Result "0-1"]
[WhiteElo "1671"]
[BlackElo "2308"]
[EventDate "2016.09.22"]
[PlyCount "46"]

1.e4 e5 2.Nf3 Nc6 3.Bc4 Bc5 4.c3 Nf6 5.d3 d6 6.O-O O-O 7.Bb3 a6 8.Nbd2 Ba7
9.Re1 Ng4 10.Re2 Kh8 11.h3 Nh6 12.Nf1 f5 13.Re1 Qf6 14.N1h2 Qg6 15.Nh4 Qg3
16.N4f3 Bxf2+ 17.Kh1 Bxe1 18.Nxe1 fxe4 19.dxe4 Bxh3 20.gxh3 Rf2 21.Bf4 
exf4 22.Nhf3 Rf1+ 23.Ng1 Rxg1# 0-1